000 01002nam a2200229 a 4500
001 48973
003 BD-RjUL
005 20211209054621.0
008 160817s2000 bg b 001 0 beno
035 _a(BD-RjUL)49092
040 _dBD-RjUL
_bben
_aBD-RjUL
_cBD-RjUL
041 _aben
082 _a398.095492
_bJAB 2000
_223
100 1 _aজলিল, মুহম্মদ আবদুল
_d1928-2003.
_9117892
245 1 0 _aবাংলাদেশের ফোকলোর চর্চার ইতিহাস /
_cমুহম্মদ আবদুল জলিল
260 _cঢাকা :
_aআফসার ব্রাদার্স,
_b২০০০
300 _a১২২ পৃ. ;
_c২২ সেমি.
504 _aগ্রন্থপঞ্জী ও নির্ঘন্ট সংযুক্ত ।
650 0 _aলোকাচারবিদ্যা
_9117893
_xইতিহাস
_zবাংলাদেশ
650 0 _aFolklore
_9117894
_xHistory
_zBangladesh
942 _2ddc
_cBK
999 _c48973
_d48973